Greece A-Z - Statistics

General Stats
  • This quiz has been taken 1,969 times
  • The average score is 17 of 26
Answer Stats
Clue Answer % Correct
A Capital and largest city Athens
99%
E Current currency Euro
95%
C Largest island Crete
92%
B Bordering country Bulgaria
90%
G 3rd Greek letter Gamma
87%
H Poet famous for 'The Iliad' Homer
87%
Z Greek god of the sky Zeus
85%
R Big European empire, Greece included Roman Empire
83%
M Snake-haired monster Medusa
82%
I Son of Daedalus. Flew too close to the sun Icarus
79%
S Parthenon city's rival city Sparta
75%
L Sappho's island of birth Lesbos
72%
J Leader of the Argonauts Jason
69%
N Greek letter after "Mu" Nu
68%
T 2nd largest city Thessaloniki
67%
U Vast area that Hades rules Underworld
67%
D Former currency Drachma
65%
F English translation of "Phobos" Fear
64%
P God, part of the "Big Three" Poseidon
60%
K Greek root meaning "to steal" Klepto
54%
O Important tree throughout history Olive Tree
53%
Q Power equivalent to "Goddess"? Queen
46%
V Hestia's Roman form Vesta
29%
Y What Io will always be? Young
27%
W 3-wheel cart used to carry items Wheelbarrow
23%
X Famous city of thousands of colors Xanthi
23%
No matching quizzes found
Score Distribution
Percent of People with Each Score
Percentile by Number Answered
Your Score History
You have not taken this quiz